[Event "HCL-C4065"]
[Site "www.playchess.de"]
[Date "2006.01.12"]
[Round "13"]
[White "nico21"]
[Black "mudelta"]
[WhiteElo "1472"]
[BlackElo "1125"]
[PlyCount "54"]
[Result "0-1"]

1.e4 e6 2.d4 c5 3.Nf3 cxd4 4.Nxd4 d5 5.exd5 Qxd5 
6.Nb5 Qe5+ 7.Be2 Bd7 8.N1c3 Bb4 9.O-O a6 10.Nd4 
Ne7 11.f4 Qf6 12.Ne4 Qg6 13.Ng3 Bc5 14.Kh1 O-O 
15.Bd3 Qf6 16.Nf3 Nd5 17.Ne4 Qe7 18.Nxc5 Qxc5 
19.Ng5 g6 20.Rf3 Nc6 21.Rh3 Nd4 22.Rxh7 Nf5 
23.Bxf5 exf5 24.Rh3 Rae8 25.Nh7 Bc6 26.Nxf8 Qf2 
27.Bd2 Nxf4 0-1

[Event "HCL-B3817"]
[Site "www.playchess.de"]
[Date "2006.01.12"]
[Round "9"]
[White "Kannsnich"]
[Black "Skipper_Robert"]
[WhiteElo "1232"]
[BlackElo "897"]
[PlyCount "69"]
[Result "1-0"]

1.c4 d5 2.cxd5 Qxd5 3.Nc3 Qc6 4.Nf3 f6 5.g3 Be6 
6.Bg2 Qd7 7.O-O a6 8.d4 Bf5 9.Nh4 c6 10.Na4 Qc7 
11.Nxf5 Qa5 12.e4 g6 13.Bd2 Qb5 14.Ne3 Nd7 15.b3 
Bh6 16.Ng4 Bxd2 17.Qxd2 f5 18.Nc3 Qb6 19.Ne3 Ngf6 
20.exf5 gxf5 21.Nxf5 Qa5 22.Qe1 Qxf5 23.Qe2 Qa5 
24.Rfe1 O-O-O 25.Rac1 Rde8 26.d5 h5 27.dxc6 bxc6 
28.Bxc6 Qb6 29.Bg2 e6 30.Na4+ Kd8 31.Nxb6 Nxb6 
32.Qxa6 Nfd5 33.Bxd5 exd5 34.Qxb6+ {alles fressen 
mampf mampf}  Kd7 {Na Malzeit}  
35.Qc7+ 1-0

[Event "HCL-E1500"]
[Site "www.playchess.de"]
[Date "2006.01.12"]
[Round "5"]
[White "Roadkill"]
[Black "guitran"]
[WhiteElo "1858"]
[BlackElo "1414"]
[PlyCount "81"]
[Result "1-0"]

1.d4 {hi good luck}  d6 {Have a good game...}  
2.c4 c5 3.d5 Nf6 4.Nc3 g6 5.e4 Bg7 6.Bd3 O-O 
7.Nge2 e6 8.Bg5 Re8 9.Qd2 e5 10.O-O a6 11.f4 h6 
12.fxe5 hxg5 13.exf6 Bxf6 14.Bc2 Re5 15.Rf2 Bg7 
16.Raf1 f6 17.Nc1 b5 18.cxb5 axb5 19.Nxb5 Ba6 
20.a4 Bxb5 21.axb5 Nd7 22.b4 c4 23.Ne2 Re8 24.Nd4 
Bh8 25.Qc3 Ne5 26.Nc6 Qb6 27.Nxe5 dxe5 28.Qxc4 
Rec8 29.Qb3 Qd6 30.Bd3 Kf8 31.Kh1 Ke7 32.Rc2 Bg7 
33.Rc6 Rxc6 34.bxc6 f5 35.b5 Qa3 36.Qxa3+ Rxa3 
37.b6 Rxd3 38.b7 fxe4 39.b8Q e3 40.Qc7+ Ke8 
41.Qd7+ 1-0

[Event "HCL-C3994"]
[Site "www.playchess.de"]
[Date "2006.01.12"]
[Round "18"]
[White "garden"]
[Black "jayr015"]
[WhiteElo "1044"]
[BlackElo "760"]
[PlyCount "31"]
[Result "1-0"]

1.e4 e5 {Good Luck!}  2.Nf3 {lets have a good 
game!
}  Nc6 3.Be2 Bc5 4.d3 Nf6 5.Bg5 O-O 6.Nc3 h6 
7.Bxf6 Qxf6 8.Nd5 Qd6 9.c4 a6 10.O-O b5 11.b3 Rb8 
12.Qd2 bxc4 13.bxc4 Nd4 14.Rab1 Nxf3+ 15.Bxf3 Bb7 
16.Rb3 1-0

[Event "HCL-C3995"]
[Site "www.playchess.de"]
[Date "2006.01.12"]
[Round "15"]
[White "Thrustnicely"]
[Black "Doc"]
[WhiteElo "1053"]
[BlackElo "1090"]
[PlyCount "49"]
[Result "1-0"]

1.d4 d5 2.Nc3 Nf6 3.f3 Bf5 4.g4 Bd7 5.Bh3 e6 6.e3 
Bd6 7.g5 Nh5 8.f4 O-O 9.Qxh5 Nc6 {I missed that 
one :-(}  10.a3 {i love a bit of luck  :-)}  a6 
{Me too, but not bad!}  11.Nf3 b5 12.b4 Ne7 13.Ne5 
c6 14.e4 Bc7 15.exd5 cxd5 16.Be3 Nf5 17.Ke2 Bb6 
18.Rhg1 Qc8 19.Bxf5 g6 20.Nxg6 fxg6 21.Bxg6 hxg6 
22.Qxg6+ Kh8 23.Qh6+ Kg8 24.g6 Qe8 
25.Qh7+ 1-0

[Event "HCL-B3793"]
[Site "www.playchess.de"]
[Date "2006.01.12"]
[Round "12"]
[White "nichju"]
[Black "djpnola"]
[WhiteElo "981"]
[BlackElo "1173"]
[PlyCount "80"]
[Result "0-1"]

1.e4 {Hello, nice to meet you!}  e5 {Hello.}  
2.Nf3 Nc6 3.Bc4 Nf6 4.c3 Bc5 5.d4 exd4 6.cxd4 Bb4+ 
7.Bd2 Bxd2+ 8.Nbxd2 d5 9.exd5 Nxd5 10.Qe2+ Nce7 
11.O-O O-O 12.Ne4 Nf4 13.Qe3 Nh5 14.Nfg5 Nd5 
15.Qf3 Be6 16.Qxh5 h6 17.Bd3 Nf4 18.Qf3 hxg5 
19.Rad1 Nxd3 20.Rxd3 Bc4 21.Qf5 Bxd3 22.Rd1 Bxe4 
23.Qxe4 Qf6 24.Qxb7 c6 25.d5 Rab8 26.Qd7 cxd5 
27.Qxd5 Rfd8 28.Qf3 Rxd1+ 29.Qxd1 Rd8 30.Qe2 Qxb2 
31.Qe1 Qc2 32.h3 Rd1 33.Qxd1 Qxd1+ 34.Kh2 Qd2 
35.a4 Qxf2 36.a5 Qf4+ 37.g3 Qd2+ 38.Kg1 Qxa5 39.h4 
Qe1+ 40.Kg2 a5 0-1

[Event "HCL-M876"]
[Site "www.playchess.de"]
[Date "2006.01.12"]
[Round "6"]
[White "reddog"]
[Black "DANTONIFAYARD"]
[WhiteElo "1844"]
[BlackElo "1693"]
[PlyCount "83"]
[Result "1-0"]

1.d4 {hi, enjoy our game and have a great 2006}  
Nf6 {TANKS A LOT; YOU TOO!!!}  2.c4 c5 3.d5 e6 
4.Nf3 exd5 5.cxd5 d6 6.Nc3 g6 7.Nd2 Bg7 8.e4 a6 
9.Bd3 Nbd7 10.f4 O-O 11.a4 Re8 12.O-O Nf8 13.Qf3 
Ng4 14.Kh1 Qh4 15.h3 Bd4 16.Nc4 Nf2+ 17.Rxf2 Qxf2 
18.Qxf2 Bxf2 19.Nxd6 Rd8 20.e5 b6 21.Nce4 Bh4 
22.Be3 Nd7 23.g4 Be7 24.a5 b5 25.Rd1 c4 26.Bc2 Rf8 
27.Kg2 Bd8 28.g5 Bxa5 29.e6 Bd8 30.Nxc8 Rxc8 
31.exd7 Rc7 32.Bc5 Rxd7 33.Bxf8 Kxf8 34.d6 f5 
35.gxf6 Kf7 36.Nc5 Ra7 37.Be4 Kxf6 38.d7 Ke7 
39.Nb7 a5 40.Bc6 Bc7 41.Re1+ Kf6 
42.Nd6 1-0

[Event "HCL-T254"]
[Site "www.playchess.de"]
[Date "2006.01.12"]
[Round "5"]
[White "reddog"]
[Black "gambitfan"]
[WhiteElo "1816"]
[BlackElo "1338"]
[PlyCount "49"]
[Result "0-1"]

1.d4 Nf6 2.c4 e6 3.Nc3 Bb4 4.Qb3 {Hello my friend 
have a good game}  c5 {glad to see you again...}  
5.Bg5 Bxc3+ 6.bxc3 O-O 7.e4 h6 8.Bxf6 Qxf6 9.e5 
Qf4 10.Ne2 Qe4 11.Qb1 Qxb1+ 12.Rxb1 b6 13.dxc5 
bxc5 14.Rb5 Na6 15.Ng3 f6 16.exf6 Rxf6 17.Ne4 Rf5 
18.Nd6 Rf8 19.Bd3 Rb8 20.Bg6 Rb6 21.Rxb6 axb6 
22.Ke2 Nb8 23.Rb1 Ba6 24.Rxb6 Rd8 
25.f4 0-1

[Event "HCL-B3821"]
[Site "www.playchess.de"]
[Date "2006.01.12"]
[Round "4"]
[White "dynamike"]
[Black "tusnelda"]
[WhiteElo "1610"]
[BlackElo "1182"]
[PlyCount "27"]
[Result "1-0"]

1.e4 e5 2.Nf3 Nc6 3.Bc4 h6 4.O-O Bc5 5.Re1 d6 6.h3 
Bd7 7.c3 Na5 8.Qe2 Nxc4 9.Qxc4 b5 10.Qe2 g5 11.d4 
exd4 12.cxd4 Bb6 13.e5 dxe5 14.Qxe5+ 1-0

[Event "HCL-A2499"]
[Site "www.playchess.de"]
[Date "2006.01.12"]
[Round "8"]
[White "vega3"]
[Black "Nobleman"]
[WhiteElo "1362"]
[BlackElo "1152"]
[PlyCount "71"]
[Result "1-0"]

1.e4 {Hi, good luck!}  e5 2.Nf3 Nc6 3.Bc4 d6 4.O-O 
h6 5.h3 Nf6 6.d3 Be7 7.Nc3 O-O 8.Be3 a6 9.Re1 b5 
10.Bd5 Nxd5 11.exd5 Na7 12.a3 Bb7 13.b4 f5 14.Nh2 
f4 15.Bxa7 Rxa7 16.Qh5 c6 17.dxc6 Bxc6 18.Ng4 Be8 
19.Nxh6+ gxh6 20.Qg4+ Kh7 21.Rad1 Rg8 22.Qf3 Rc7 
23.d4 Bc6 24.Qd3+ Rg6 25.f3 Bxf3 26.Qxf3 Bh4 
27.Re2 Qf6 28.Ne4 Qe7 29.dxe5 dxe5 30.Nc5 Ra7 
31.Rd5 Bf6 32.Qe4 h5 33.Nd3 Kh6 34.Nxe5 Bxe5 
35.Rxe5 Qg5 36.Rxg5 1-0

[Event "HCL-A2441"]
[Site "www.playchess.de"]
[Date "2006.01.12"]
[Round "5"]
[White "WillyWonka"]
[Black "alldrix"]
[WhiteElo "1676"]
[BlackElo "1610"]
[PlyCount "126"]
[Result "1/2-1/2"]

1.e4 {hi from holland}  e6 {hi from Aracaju, 
Brazil}  2.d4 d5 3.Nd2 c5 4.Bb5+ Bd7 5.Bxd7+ Nxd7 
6.c3 cxd4 7.cxd4 Ne7 8.e5 Nc6 9.Nb3 Be7 10.Nf3 O-O 
11.O-O f6 12.Re1 fxe5 13.dxe5 Rc8 14.Bd2 Nc5 
15.Nxc5 Bxc5 16.Be3 Bxe3 17.Rxe3 Rf5 18.Qd2 Qe7 
19.Rc1 Rc7 20.a3 h6 21.h3 a6 22.b4 Nd8 23.Rxc7 
Qxc7 24.g4 Rf4 25.Nh4 Rc4 26.Ng6 Nf7 27.Qd3 Ng5 
28.Kg2 Ne4 29.Rf3 Rc3 30.Qe2 Rxf3 31.Qxf3 Qf7 
32.Nf4 g5 33.Ne2 Qc7 34.Qe3 Qc2 35.Nd4 Qb2 36.Nxe6 
Qxe5 37.Nd4 Qf6 {(offering draw)}  38.Nf5 Kf7 
39.Qd3 Ke6 40.Qe3 Kd7 41.Qb3 Ke6 {(offering draw)} 
 42.Qe3 Kd7 43.Qd4 Qxd4 44.Nxd4 Nf6 45.f3 b6 
46.Kf2 h5 47.Ke3 Kd6 48.h4 gxh4 49.g5 Ne8 50.Nf5+ 
Ke5 51.Nxh4 d4+ 52.Kd3 b5 53.Ng2 Ng7 54.f4+ Kd5 
55.g6 Ke6 56.Kxd4 Kf5 57.Kc5 Kxg6 58.Kb6 Ne6 
59.Kxa6 Nd4 60.Ka5 Nc2 61.Kxb5 Nxa3+ 62.Kc6 Kf5 
63.b5 Nxb5 {(offering draw)}  1/2-1/2

[Event "HCL-A2509"]
[Site "www.playchess.de"]
[Date "2006.01.12"]
[Round "9"]
[White "daddy_4_eyes"]
[Black "asskicker"]
[WhiteElo "1515"]
[BlackElo "1578"]
[PlyCount "53"]
[Result "1/2-1/2"]

1.d4 {Hello from down under}  Nf6 {greetings from 
Washington, DC}  2.c4 e6 3.Bg5 Be7 4.Nc3 O-O 5.e3 
h6 6.Bxf6 Bxf6 7.Nf3 b6 8.Be2 Bb7 9.O-O Nc6 10.a3 
d5 11.cxd5 exd5 12.Rc1 Re8 13.Bb5 Re6 14.Qc2 a6 
15.Bd3 Ne7 16.Ne2 Rc6 17.Qd2 Rxc1 18.Rxc1 Rc8 
19.b4 Qd6 20.Nf4 c5 21.bxc5 bxc5 22.Rxc5 Rxc5 
23.dxc5 Qxc5 24.Qa2 Qc1+ 25.Bf1 a5 26.Ne2 Qd1 
27.Qd2 {(offering draw)}  1/2-1/2

[Event "HCL-M860"]
[Site "www.playchess.de"]
[Date "2006.01.12"]
[Round "8"]
[White "aadje"]
[Black "ipakris"]
[WhiteElo "1947"]
[BlackElo "2248"]
[PlyCount "70"]
[Result "0-1"]

1.e4 {gg & gl}  e5 {The same to you...;-)}  2.Nf3 
{ty}  Nc6 3.Bb5 a6 4.Ba4 Nf6 5.O-O Be7 6.Bxc6 dxc6 
7.d3 Nd7 8.Nbd2 O-O 9.Nc4 f6 10.Nh4 Nc5 11.Nf5 
Bxf5 12.exf5 Qd7 13.Qg4 Rfe8 14.Be3 Bf8 15.Nd2 Qf7 
16.b3 a5 17.Rfe1 {a tactical draw vs ragno?}  Rad8 
18.Re2 {you guys are all obvious cheaters by using 
some sort of chess software}  Kh8 {Stop you false 
accusations and insinuations ! Or I report you to 
T. Stahl and ask him to block you.}  19.f3 b5 
20.a4 {sorry to hear you are demoted to E class. 
Tough players around? Indeed there are :P)}  Nb7 
21.Ne4 Bb4 22.Ra2 Nd6 23.Qh3 g6 24.fxg6 Qxg6 
25.axb5 Nxb5 26.Bd2 f5 27.Ng3 Nd4 28.Rf2 Bxd2 
29.Rxd2 Qg5 30.Nf1 Re6 31.Kh1 f4 32.Rxa5 Rg6 
33.Rf2 Rdg8 34.b4 Qf6 35.Ra6 Qg7 0-1

[Event "HCL-M860"]
[Site "www.playchess.de"]
[Date "2006.01.12"]
[Round "5"]
[White "papuan"]
[Black "aadje"]
[WhiteElo "2312"]
[BlackElo "1947"]
[PlyCount "80"]
[Result "1-0"]

1.d4 d5 2.c4 e6 3.Nc3 Nf6 4.Bg5 Be7 5.e3 h6 6.Bh4 
O-O 7.Nf3 b6 8.Rb1 c6 9.b4 Na6 10.c5 Nd7 11.Bg3 
bxc5 12.bxc5 Qa5 13.Qd2 Bf6 14.e4 Re8 15.e5 Be7 
16.Bd3 Nc7 17.O-O Ba6 18.Bxa6 Qxa6 19.Rb3 Rab8 
20.Rfb1 Rxb3 21.Rxb3 Rb8 22.Qb2 Rxb3 23.Qxb3 Qc4 
24.Qb2 a6 25.a4 a5 {(offering draw)}  26.Qb7 Qxc3 
27.h3 Bf8 28.Qxc7 Nxc5 29.dxc5 Qa1+ 30.Kh2 Qxa4 
31.Qb6 Qb4 32.Qxc6 Qxc5 33.Qa4 Kh7 34.Nd4 Qb4 
35.Qe8 Bc5 36.Nb5 h5 37.h4 Qa4 38.Qd7 Bd4 39.Qb7 
Qb4 40.Qc6 a4 1-0

[Event "HCL-B3758"]
[Site "www.playchess.de"]
[Date "2006.01.12"]
[Round "10"]
[White "klaus_mueller"]
[Black "gronico"]
[WhiteElo "1426"]
[BlackElo "1139"]
[PlyCount "61"]
[Result "1-0"]

1.e4 {best wishes and good luck}  g6 {hi....good 
game}  2.Nf3 Bg7 3.d4 d6 4.Be2 Nf6 5.c3 Nc6 6.Nbd2 
O-O 7.O-O Bg4 8.Qc2 a6 9.Nc4 b5 10.Ne3 Bxf3 
11.Bxf3 e6 12.e5 dxe5 13.Bxc6 exd4 14.Bxa8 dxe3 
15.Bf3 exf2+ 16.Qxf2 Nd5 17.Bxd5 Qxd5 18.Be3 f5 
19.Rfd1 Qc6 20.Rd3 e5 21.Rad1 e4 22.R3d5 Qc4 
23.Rc5 Qxa2 24.Rxc7 Be5 25.Re7 Qb3 26.Rdd7 a5 
27.Qd2 f4 28.Bxf4 Bxf4 29.Reg7+ Kh8 30.Rgxh7+ Kg8 
31.Rdg7+ 1-0

[Event "HCL-M877"]
[Site "www.playchess.de"]
[Date "2006.01.12"]
[Round "4"]
[White "aadje"]
[Black "Cordi"]
[WhiteElo "1963"]
[BlackElo "1624"]
[PlyCount "33"]
[Result "0-1"]

1.d4 {Best of luck, greetings}  d5 {Thanks, you 
good luck too.}  2.c4 e6 3.Nc3 Nf6 4.Nf3 h6 5.e3 
Bb4 6.Bd3 O-O 7.cxd5 exd5 8.O-O Bxc3 9.bxc3 Bg4 
10.Qb3 b6 11.Ne5 Bd7 12.c4 Be6 13.cxd5 Bxd5 14.Qc2 
a6 15.e4 Bb7 16.Bb2 Nbd7 17.f4 0-1

[Event "HCL-M877"]
[Site "www.playchess.de"]
[Date "2006.01.12"]
[Round "1"]
[White "aadje"]
[Black "Maccdavid"]
[WhiteElo "1963"]
[BlackElo "1637"]
[PlyCount "29"]
[Result "0-1"]

1.d4 {Best of Luck, greetings}  d5 {Thanks. Good 
luck.}  2.c4 Nc6 3.cxd5 Qxd5 4.e3 e5 5.Nc3 Bb4 
6.Bd2 Bxc3 7.Bxc3 exd4 8.Ne2 Bg4 {Sorry about 
delay. Happy new year.}  9.f3 {np at all. A Happy 
New  Year too!}  Bxf3 10.gxf3 Qxf3 11.Bxd4 O-O-O 
12.Rg1 Nxd4 13.exd4 g6 14.Qa4 Kb8 
15.O-O-O 0-1

[Event "HCL-M877"]
[Site "www.playchess.de"]
[Date "2006.01.12"]
[Round "2"]
[White "DePoelmeester"]
[Black "aadje"]
[WhiteElo "1662"]
[BlackElo "1963"]
[PlyCount "40"]
[Result "1-0"]

1.d4 {Veel plezier!}  Nf6 {dank je, jij ook!}  
2.Nc3 d5 3.Bf4 Bf5 4.Nf3 e6 5.e3 Bd6 6.Bxd6 Qxd6 
7.Bd3 O-O 8.Bxf5 exf5 9.O-O c6 10.Ne2 Nbd7 11.Rc1 
Ne4 12.c4 dxc4 {Ik wens U een prachtig en 
vreedzaam 2006!}  13.Rxc4 {ik wens u hetzelfde!!!} 
 Qd5 14.Rb4 Nb6 15.Qb3 Qxb3 16.Rxb3 Rfe8 17.Rc1 
Rad8 18.Ra3 Rda8 19.Nc3 Nc4 20.Rb3 
b5 1-0

[Event "HCL-M877"]
[Site "www.playchess.de"]
[Date "2006.01.12"]
[Round "7"]
[White "Pitch"]
[Black "aadje"]
[WhiteElo "2037"]
[BlackElo "1963"]
[PlyCount "50"]
[Result "1-0"]

1.d4 Nf6 2.c4 e6 3.Nf3 c5 4.d5 exd5 5.cxd5 d6 
6.Nc3 g6 7.e4 a6 8.h3 b5 9.Bd3 Bg7 10.O-O O-O 
11.Re1 Nbd7 12.Bf4 Qb6 13.e5 Nxe5 14.Bxe5 dxe5 
15.Nxe5 Bb7 16.Nc6 Bxc6 17.dxc6 Qxc6 18.Be2 Rad8 
19.Qc2 c4 20.Bf3 Qc7 21.Rac1 Bh6 22.Rcd1 Rxd1 
23.Rxd1 Re8 24.g3 Bg7 25.Qd2 h6 1-0

[Event "HCL-E1518"]
[Site "www.playchess.de"]
[Date "2006.01.12"]
[Round "1"]
[White "badplayer"]
[Black "Henk"]
[WhiteElo "1573"]
[BlackElo "1806"]
[PlyCount "52"]
[Result "0-1"]

1.e4 {Hi Again}  c5 {when?}  2.Nf3 d6 3.d4 cxd4 
4.Nxd4 Nf6 5.Nc3 a6 6.Be2 e6 7.f3 Nc6 8.Be3 Be7 
9.O-O Qc7 10.a3 b5 11.Qd2 Bb7 12.Rfd1 Rd8 13.Rac1 
Ne5 14.b3 d5 15.exd5 Nxd5 16.Nxd5 Bxd5 17.b4 Nc4 
18.Bxc4 Bxc4 19.Qf2 O-O 20.c3 Rd5 21.g3 Rfd8 
22.Qc2 h5 23.Kg2 h4 24.Bf4 e5 25.Ne2 h3+ 26.Kxh3 
Qd7+ 0-1

[Event "HCL-A2543"]
[Site "www.playchess.de"]
[Date "2006.01.12"]
[Round "32"]
[White "Wernswig"]
[Black "bossjos"]
[WhiteElo "1423"]
[BlackElo "1202"]
[PlyCount "39"]
[Result "1-0"]

1.e4 {hi, have a nice game}  e5 {same to you}  
2.f4 d5 3.exd5 e4 4.Bc4 Nf6 5.d3 Nxd5 6.dxe4 
{happy new year!}  Nb6 7.Qxd8+ Kxd8 8.Bxf7 Bc5 
9.Nf3 Rf8 10.Bb3 Nc6 11.Nc3 Bg4 12.Bd2 Ke7 
13.O-O-O Nd4 14.Rdf1 Nxb3+ 15.axb3 Rad8 16.h3 Bxf3 
17.Rxf3 a6 18.f5 Nd7 19.Bg5+ Nf6 
20.e5 1-0

[Event "HCL-A2492"]
[Site "www.playchess.de"]
[Date "2006.01.12"]
[Round "5"]
[White "StevenL"]
[Black "Snillie"]
[WhiteElo "1601"]
[BlackElo "1513"]
[PlyCount "86"]
[Result "0-1"]

1.e4 {Hi there, all the best.}  d6 2.d4 Nf6 3.Nc3 
g6 4.Be3 c6 5.Qd2 b5 6.Bd3 Nbd7 7.Nf3 Bb7 8.O-O 
Qc7 9.Rfe1 e5 10.Rad1 a6 11.h3 Bg7 12.Bh6 O-O 
13.dxe5 dxe5 14.Qg5 Rad8 15.Nh4 Bxh6 16.Qxh6 Kh8 
17.Nf3 Ng8 18.Qh4 c5 19.Nb1 c4 20.Bf1 Nc5 21.Nbd2 
Rfe8 22.b3 cxb3 23.axb3 Ne6 24.Rdc1 f6 25.Bd3 Nf4 
26.Red1 Qf7 27.Bf1 g5 28.Qg3 Ne7 29.Kh1 Rd7 30.c4 
b4 31.Qg4 Red8 32.g3 h5 33.Nxe5 {Doh, silly me! 
Happy New Year!}  fxe5 34.Qxg5 R7xd2 35.Rxd2 Rxd2 
36.Qxe5+ Kh7 37.gxf4 Rxf2 38.f5 Rxf5 39.Qa1 Bxe4+ 
40.Bg2 Bxg2+ 41.Kxg2 Qg6+ 42.Kh1 Rf3 43.Rg1 
Rxh3+ 0-1

[Event "HCL-B3804"]
[Site "www.playchess.de"]
[Date "2006.01.12"]
[Round "18"]
[White "Snillie"]
[Black "aquiles"]
[WhiteElo "1479"]
[BlackElo "1341"]
[PlyCount "44"]
[Result "0-1"]

1.c4 e5 2.g3 Bc5 3.Bg2 Nf6 4.Nc3 O-O 5.e3 c6 6.d4 
exd4 7.exd4 Re8+ 8.Nge2 Bb4 9.O-O Bxc3 10.Nxc3 d6 
11.b3 h6 12.Bb2 Bf5 13.Qd2 Nbd7 14.Rae1 Qc7 15.d5 
c5 16.Nb5 Qb6 17.Qf4 Bg6 18.Nxd6 Nh5 19.Rxe8+ Rxe8 
20.Nxe8 Nxf4 21.gxf4 f6 22.Re1 
Kf8 0-1

[Event "HCL-E1527"]
[Site "www.playchess.de"]
[Date "2006.01.12"]
[Round "10"]
[White "Pijean"]
[Black "baggur"]
[WhiteElo "1711"]
[BlackElo "1660"]
[PlyCount "58"]
[Result "1/2-1/2"]

1.d4 {Hi, good luck!}  Nf6 {hello}  2.c4 g6 3.Nc3 
Bg7 4.e4 d6 5.Nf3 O-O 6.Bd3 e5 7.dxe5 dxe5 8.Bg5 
h6 9.Bh4 c6 10.Nxe5 Qe8 11.Nf3 Bf5 12.O-O Nxe4 
13.Nxe4 Bxe4 14.Re1 Bxf3 15.Qxf3 Qc8 16.Re2 Nd7 
17.Rae1 Nc5 18.Bb1 Qc7 19.Be7 Ne6 20.Bxf8 Rxf8 
21.Qh3 Nf4 22.Qe3 Nxe2+ 23.Rxe2 c5 24.b3 b6 25.Qe7 
Rd8 26.Qe4 Rd1+ 27.Re1 Qd7 28.Bc2 Rxe1+ 29.Qxe1 
Bd4 {(offering draw)}  1/2-1/2

[Event "HCL-B3650"]
[Site "www.playchess.de"]
[Date "2006.01.12"]
[Round "4"]
[White "scotty4u"]
[Black "JMD"]
[WhiteElo "1295"]
[BlackElo "1360"]
[PlyCount "83"]
[Result "1-0"]

1.e4 e5 {hello from Paris}  2.Bc4 c6 3.Qh5 g6 
4.Qxe5+ Qe7 5.Qxh8 Qxe4+ 6.Be2 Qxg2 7.Bf3 Qg5 
8.Qxg8 h5 9.b3 Qe5+ 10.Ne2 Qxa1 11.Nbc3 d5 12.O-O 
b5 13.Ba3 Qxf1+ 14.Kxf1 Nd7 15.Bxf8 Nxf8 16.Qg7 
Bf5 17.Qe5+ Be6 18.Nd4 Rc8 19.Nxe6 Nxe6 20.Ne2 Kd7 
21.Nd4 Nxd4 22.Qxd4 Rc7 23.Qf6 Kc8 24.Bg2 Kb7 
25.d3 a5 26.a4 b4 27.f4 Rd7 28.f5 gxf5 29.Qxf5 Re7 
30.Qxh5 Kc7 31.Qf5 Kb6 32.Qf6 Rd7 33.h4 Kc5 34.h5 
Rd6 35.Qxf7 Rh6 36.Qf8+ Kb6 37.Qxh6 Kc5 38.Qe3+ 
Kd6 39.h6 c5 40.h7 d4 41.Qf4+ Ke6 
42.h8Q 1-0

[Event "HCL-A2558"]
[Site "www.playchess.de"]
[Date "2006.01.12"]
[Round "7"]
[White "freno"]
[Black "SMLooking"]
[WhiteElo "1577"]
[BlackElo "1413"]
[PlyCount "64"]
[Result "0-1"]

1.e4 {Happy new year}  e5 {Hi from Cairo, Egypt, 
Happy New Year!!}  2.Bc4 Nc6 3.Nc3 Nf6 4.d3 Bb4 
5.Nge2 d6 6.O-O Bg4 7.Bd2 O-O 8.a3 Ba5 9.h3 Bxe2 
10.Qxe2 Nd4 11.Qd1 h6 12.Ne2 Bxd2 13.Qxd2 Nxe2+ 
14.Qxe2 a6 15.f4 exf4 16.Rxf4 b5 17.Bb3 c5 18.c3 
Qb6 19.c4 Rae8 20.Kh1 Re5 21.Qd2 Rg5 22.Raf1 Nh5 
23.cxb5 Ng3+ 24.Kh2 Nxf1+ 25.Rxf1 axb5 26.Bd5 Qc7 
27.b4 c4 28.dxc4 bxc4 29.Qc3 Re5 30.Bxc4 Rxe4 
31.Bxf7+ Rxf7 32.Qb3 d5+ 0-1

[Event "HCL-B3775"]
[Site "www.playchess.de"]
[Date "2006.01.12"]
[Round "11"]
[White "ama49"]
[Black "Rochade_III"]
[WhiteElo "1192"]
[BlackElo "646"]
[PlyCount "89"]
[Result "1-0"]

1.e4 {Greetings from Scotland}  e5 2.Nf3 Nc6 3.d4 
exd4 4.Nxd4 Nxd4 5.Qxd4 Nf6 6.Bg5 b6 7.e5 Bc5 
8.Qe4 Nxe4 9.Bxd8 Kxd8 10.f3 Nf2 11.Rg1 Re8 12.Nd2 
Rxe5+ 13.Be2 Ba6 14.c4 Nd3+ 15.Kf1 Bxg1 16.Bxd3 
Re3 17.Bxh7 Bxh2 18.Kf2 Bf4 19.g3 Bh6 20.f4 Re4 
21.Bxe4 c6 22.b3 Kc7 23.Kf3 g5 24.Rh1 Rh8 25.fxg5 
Bg7 26.Rxh8 Bxh8 27.Kf4 f6 28.gxf6 Bxf6 29.Kf5 Be7 
30.g4 b5 31.g5 Kd8 32.g6 Ke8 33.Bd3 Kf8 34.Nf3 
bxc4 35.Bxc4 Bxc4 36.bxc4 a5 37.Ne5 d6 38.Nxc6 a4 
39.Nxe7 Kxe7 40.a3 Kf8 41.Ke6 Kg7 42.Kxd6 Kxg6 
43.c5 Kf7 44.c6 Ke8 45.c7 1-0

[Event "HCL-A2551"]
[Site "www.playchess.de"]
[Date "2006.01.12"]
[Round "4"]
[White "Nobleman"]
[Black "KingGeorge"]
[WhiteElo "1216"]
[BlackElo "1581"]
[PlyCount "24"]
[Result "0-1"]

1.e4 e6 2.d4 d5 3.e5 c5 4.Nf3 cxd4 5.Nxd4 Nc6 
6.Nxc6 bxc6 7.Nc3 Ne7 8.Bd3 Ng6 9.Bxg6 hxg6 10.O-O 
Qh4 11.f4 Bc5+ 12.Kh1 Qxh2+ 0-1

[Event "HCL-A2550"]
[Site "www.playchess.de"]
[Date "2006.01.12"]
[Round "2"]
[White "Josef1901"]
[Black "Aggie"]
[WhiteElo "1579"]
[BlackElo "1342"]
[PlyCount "75"]
[Result "1-0"]

1.d4 d5 2.c4 e6 3.Nf3 Nf6 4.Nc3 Bb4 5.Bg5 Nbd7 
6.e3 Bxc3+ 7.bxc3 h6 8.Bf4 O-O 9.Bd3 c5 10.O-O 
dxc4 11.Bxc4 cxd4 12.cxd4 Nb6 13.Bd3 Nbd5 14.Bg3 
Bd7 15.Rc1 Nb4 16.Bb1 Qa5 17.Qb3 Qb6 18.Bc7 Qa6 
19.Qxb4 Bc6 20.Be5 Nd5 21.Qb2 f6 22.Bg3 f5 23.Ne5 
Ne7 24.Nxc6 Nxc6 25.Qb3 Rfe8 26.Rc5 Na5 27.Qc3 Nc6 
28.Bd3 Qa4 29.Bb5 Qb4 30.Qxb4 Nxb4 31.Bxe8 Rxe8 
32.Rb1 Na6 33.Ra5 Re7 34.Rxa6 bxa6 35.Rc1 Kh7 
36.Rc7 Rxc7 37.Bxc7 Kg6 38.f3 1-0

[Event "HCL-C4035"]
[Site "www.playchess.de"]
[Date "2006.01.12"]
[Round "20"]
[White "foxcar"]
[Black "IRONMAIDEN"]
[WhiteElo "1137"]
[BlackElo "1469"]
[PlyCount "159"]
[Result "1-0"]

1.d4 {hi,have a good game}  d5 {hi, same to you}  
2.Bf4 Bf5 3.e3 e6 4.Bd3 g6 5.Nf3 Nc6 6.Bb5 Nge7 
7.Ne5 a6 8.Ba4 b5 9.Bb3 Bg7 10.O-O {merry 
christmas!}  O-O {merry chrismas!}  11.Nxc6 Nxc6 
12.a3 Qf6 13.Bxc7 Rac8 14.Bd6 Rfd8 15.Be5 Nxe5 
16.dxe5 Qxe5 17.Nc3 d4 18.exd4 Rxd4 19.Qf3 Rcd8 
20.Rad1 R4xd1 21.Nxd1 Qe4 22.Qxe4 Bxe4 23.Ne3 Bxb2 
24.f3 Bb7 25.a4 Bd4 26.Re1 Bxe3+ 27.Rxe3 b4 28.h4 
a5 29.Re5 Ra8 30.Rb5 Bc6 31.Rc5 Bd7 32.Kf2 f6 
33.Rc7 Bc8 34.Re7 f5 35.Kg3 Kf8 36.Rxh7 e5 37.Rf7+ 
Ke8 38.Rg7 f4+ 39.Kf2 Ra6 40.Rg8+ Kd7 41.Rg7+ Kd8 
{(offering draw)}  42.Ke2 Rd6 43.Ra7 Ra6 44.Rf7 
Ke8 45.Rc7 Kd8 46.Rc5 Be6 47.Rxe5 Bxb3 48.cxb3 Kd7 
49.Rg5 Ke7 50.Kd3 Kf6 51.Ke4 Rc6 52.Rxa5 Rc3 
53.Kxf4 Rxb3 54.Ra6+ Kf7 55.Rb6 Rb1 56.Kg5 b3 
57.Rxg6 b2 58.Rb6 Ra1 59.Rxb2 Rxa4 60.Rb5 Ra2 
61.g4 Ra6 62.h5 Re6 63.Rb7+ Re7 64.Rxe7+ Kxe7 
65.Kg6 Kf8 66.h6 Kg8 67.g5 Kh8 68.Kh5 Kh7 69.g6+ 
Kh8 70.f4 Kg8 71.f5 Kh8 {was a long one!}  72.Kg5 
{yes, a good game very enjoyable}  Kg8 73.Kf6 Kh8 
74.Ke7 Kg8 75.f6 Kh8 76.Ke6 Kg8 77.g7 Kh7 78.Kf7 
Kxh6 79.g8Q Kh5 {okay, I think, that is almost a 
done. see you around!}  80.Qg3 {I agree ,thanks 
for a good game}  1-0

[Event "HCL-A2496"]
[Site "www.playchess.de"]
[Date "2006.01.12"]
[Round "9"]
[White "Abra"]
[Black "Marius_sah"]
[WhiteElo "1600"]
[BlackElo "1406"]
[PlyCount "124"]
[Result "0-1"]

1.e4 {Hello again,gg
}  e5 {Hi. Good luck!}  2.Nf3 Nc6 3.Bb5 a6 4.Bxc6 
dxc6 5.h3 Bd6 6.O-O Nf6 7.d3 h6 8.a3 O-O 9.c4 c5 
10.b3 Nh7 11.Bb2 Qe7 12.Nbd2 f5 13.exf5 Bxf5 
14.Qe2 Nf6 15.Nh4 Bh7 16.Nhf3 Rad8 17.Bxe5 Bxe5 
18.Rfe1 Bh2+ 19.Kxh2 Qxe2 20.Rxe2 Bxd3 21.Re7 Rd7 
22.Rae1 Rfd8 23.Rxd7 Rxd7 24.Ne5 Rd8 25.Nxd3 Rxd3 
26.Re2 Kf7 27.f3 Nh5 28.h4 Nf4 29.Rf2 Ne6 30.a4 
Nd4 31.a5 Nxb3 32.Nxb3 Rxb3 33.Rd2 Ke7 34.Kg3 Rc3 
35.Rb2 Kd6 36.Rxb7 Rxc4 37.Ra7 Ra4 38.Rxa6+ c6 
39.Ra7 c4 40.Rxg7 Rxa5 41.Rg4 Rc5 42.Rd4+ Ke5 
43.Re4+ Kd5 44.Re1 c3 45.Kf2 Kc4 46.Rc1 Rd5 47.Ke2 
Kb3 48.g4 Kb2 49.Rxc3 Kxc3 50.Ke3 {Best wishes for 
2006
}  Re5+ 51.Kf4 Kd4 52.g5 c5 53.g6 c4 54.g7 Re8 
55.Kf5 c3 56.Kg6 c2 57.Kxh6 c1Q+ 58.Kg6 Qf4 59.h5 
Qxf3 60.h6 Ke5 61.h7 Qf5+ 62.Kh6 
Re6+ 0-1

[Event "HCL-C3985"]
[Site "www.playchess.de"]
[Date "2006.01.12"]
[Round "19"]
[White "klm"]
[Black "Grunert"]
[WhiteElo "1028"]
[BlackElo "929"]
[PlyCount "46"]
[Result "0-1"]

1.e4 {Hallo und guten Abend! Ich wünsche uns ein 
schönes Spiel}  e5 {wünsche ich auch!}  2.Nf3 d6 
3.d4 exd4 4.Nxd4 Nf6 5.Nc3 Bd7 6.Bc4 h6 7.O-O g6 
8.h3 Bg7 9.Re1 O-O 10.Nd5 Nxd5 11.exd5 c6 12.dxc6 
Nxc6 13.Nxc6 bxc6 14.Qxd6 Rb8 15.Rb1 Bf5 16.Qxd8 
Rbxd8 17.Re2 Rfe8 18.Be3 Rdb8 19.Bxa7 Rxe2 20.Bxb8 
Rxc2 21.Bb3 Rxf2 22.Rc1 Bd4 23.Rxc6 
Rc2+ 0-1